Nulidad de la definición dogmática de su santidad Pio IX acerca del misterio de la Inmaculada Concepción / (Record no. 156136)

MARC details
000 -LEADER
campo de control de longitud fija 00609nam a2200157 i 4500
001 - NÚMERO DE CONTROL
campo de control 156136
003 - IDENTIFICADOR DE NÚMERO DE CONTROL
campo de control ES-MaACL
005 - FECHA Y HORA DE LA ÚLTIMA TRANSACCIÓN
campo de control 20250820100133.0
008 - DATOS DE LONGITUD FIJA--INFORMACIÓN GENERAL
campo de control de longitud fija 931025s1855 sp |||| | spa d
245 00 - MENCIÓN DEL TÍTULO
Título Nulidad de la definición dogmática de su santidad Pio IX acerca del misterio de la Inmaculada Concepción /
Mención de responsabilidad, etc. [J. J. y T.].
260 ## - PUBLICACIÓN, DISTRIBUCIÓN, ETC.
Lugar de publicación, distribución, etc. Madrid :
Nombre del editor, distribuidor, etc. [s.n.],
Fecha de publicación, distribución, etc. 1855 (
Fabricante Establecimiento Tipográfico de La Europa)
300 ## - DESCRIPCIÓN FÍSICA
Extensión 32 p. ;
Dimensiones 21 cm.
650 07 - PUNTO DE ACCESO ADICIONAL DE MATERIA--TÉRMINO DE MATERIA
Término de materia o nombre geográfico como elemento de entrada Inmaculada Concepción
Fuente del encabezamiento o término embne
9 (RLIN) 162762
852 ## - LOCALIZACIÓN
Ubicación ES-MaACL
Número de control de estantería Fol-Laf-417
Nota libre -- Enc. rust.
-- -- Legado M. de La Fuente
Holdings
Estatus retirado Estado de pérdida Estado de daño No para préstamo Colección Biblioteca de origen Biblioteca actual Ubicación en estantería Fecha de adquisición Fuente de adquisición Total de préstamos Signatura topográfica completa Código de barras Visto por última vez Precio de reemplazo Tipo de ítem Koha
        Colección de folletos Biblioteca del Ateneo de Madrid Biblioteca del Ateneo de Madrid Depósito folletos 17/01/2008     Fol-Laf-417 1163346 23/02/2023 23/02/2023 Folleto